<?xml version="1.0" encoding="UTF-8"?>
<collection xmlns="http://www.loc.gov/MARC21/slim">
<record>
  <controlfield tag="001">148845</controlfield>
  <controlfield tag="005">20250122151649.0</controlfield>
  <datafield tag="024" ind1="8" ind2=" ">
    <subfield code="2">sideral</subfield>
    <subfield code="a">141886</subfield>
  </datafield>
  <datafield tag="037" ind1=" " ind2=" ">
    <subfield code="a">ART-2024-141886</subfield>
  </datafield>
  <datafield tag="041" ind1=" " ind2=" ">
    <subfield code="a">spa</subfield>
  </datafield>
  <datafield tag="100" ind1=" " ind2=" ">
    <subfield code="a">Hernández Sáinz, Esther</subfield>
    <subfield code="u">Universidad de Zaragoza</subfield>
    <subfield code="0">(orcid)0000-0002-6553-8245</subfield>
  </datafield>
  <datafield tag="245" ind1=" " ind2=" ">
    <subfield code="a">Instrumentos jurídicos para dotar de liquidez a las inversiones realizadas a través de plataformas de financiación participativa (crowdfunding): SMN para pymes en expansión, tablón de anuncios, toquenización y otros mecanismos que mejoran la transmisibilidad</subfield>
  </datafield>
  <datafield tag="260" ind1=" " ind2=" ">
    <subfield code="c">2024</subfield>
  </datafield>
  <datafield tag="520" ind1="3" ind2=" ">
    <subfield code="a">La falta de liquidez de las inversiones realizadas a través de plataformas de financiación participativa dificulta su desarrollo como una fuente alternativa de financiación para las pymes. En este trabajo se analizan críticamente las distintas alternativas que existen para dotar de liquidez a estas inversiones o, al menos, facilitar la transmisión de las cuotas de préstamos, valores negociables o participaciones de sociedades limitadas suscritas en las plataformas de financiación participativa. Las posibles opciones abarcan los SMN para pymes en expansión, los tablones de anuncios en la plataforma y las cláusulas de salida incluidas en los estatutos o pactos parasociales que facilitan la transmisión de las acciones o participaciones suscritas. Finalmente, se explora el potencial de la toquenización y las infraestructuras de mercado basadas en tecnologías de registro distribuido para facilitar la liquidez de estas inversiones</subfield>
  </datafield>
  <datafield tag="540" ind1=" " ind2=" ">
    <subfield code="9">info:eu-repo/semantics/closedAccess</subfield>
    <subfield code="a">All rights reserved</subfield>
    <subfield code="u">http://www.europeana.eu/rights/rr-f/</subfield>
  </datafield>
  <datafield tag="655" ind1=" " ind2="4">
    <subfield code="a">info:eu-repo/semantics/article</subfield>
    <subfield code="v">info:eu-repo/semantics/publishedVersion</subfield>
  </datafield>
  <datafield tag="710" ind1="2" ind2=" ">
    <subfield code="1">4003</subfield>
    <subfield code="2">165</subfield>
    <subfield code="a">Universidad de Zaragoza</subfield>
    <subfield code="b">Dpto. Derecho de la Empresa</subfield>
    <subfield code="c">Área Derecho Mercantil</subfield>
  </datafield>
  <datafield tag="773" ind1=" " ind2=" ">
    <subfield code="g">173 (2024), 9-54</subfield>
    <subfield code="p">Rev. derecho banc. burs.</subfield>
    <subfield code="t">Revista de derecho bancario y bursátil</subfield>
    <subfield code="x">0211-6138</subfield>
  </datafield>
  <datafield tag="856" ind1="4" ind2=" ">
    <subfield code="s">12176583</subfield>
    <subfield code="u">http://zaguan.unizar.es/record/148845/files/texto_completo.pdf</subfield>
    <subfield code="y">Versión publicada</subfield>
  </datafield>
  <datafield tag="856" ind1="4" ind2=" ">
    <subfield code="s">1751734</subfield>
    <subfield code="u">http://zaguan.unizar.es/record/148845/files/texto_completo.jpg?subformat=icon</subfield>
    <subfield code="x">icon</subfield>
    <subfield code="y">Versión publicada</subfield>
  </datafield>
  <datafield tag="909" ind1="C" ind2="O">
    <subfield code="o">oai:zaguan.unizar.es:148845</subfield>
    <subfield code="p">articulos</subfield>
    <subfield code="p">driver</subfield>
  </datafield>
  <datafield tag="951" ind1=" " ind2=" ">
    <subfield code="a">2025-01-22-14:46:23</subfield>
  </datafield>
  <datafield tag="980" ind1=" " ind2=" ">
    <subfield code="a">ARTICLE</subfield>
  </datafield>
</record>
</collection>